000
00221 a2200097 4500
001
38717
100
_a
Batalvi Ashaq Hussain
245
_a
Hamary Qoomi Jadojihad
260
_a
London
_b
Unwin
_c
1989
090
_c
24537
_d
24537
942
_a
NUST-CAE
_c
M
_c
16155
999
_c
273790
_d
273790